[Event "Sachsen-ch Seniors op"]
[Site "Dresden"]
[Date "2016.11.06"]
[Round "7"]
[White "Chernyak, Nataliya"]
[Black "Fitzner, Hans"]
[Result "1-0"]
[WhiteElo "1633"]
[BlackElo "1334"]
[PlyCount "49"]
[EventDate "2016.10.31"]
[EventType "swiss"]
[EventRounds "9"]
[EventCountry "GER"]
[SourceTitle "EXT 2019"]
[Source "ChessBase"]
[SourceDate "2018.10.10"]
[SourceVersion "1"]
[SourceVersionDate "2018.10.10"]
[SourceQuality "1"]

1. e4 c5 2. Nc3 e6 3. d3 d6 4. h3 Nf6 5. g4 Be7 6. Bg2 Nc6 7. Nge2 a6 8. Ng3 0-0 9. Nce2 e5 10. c3 Be6 11. 0-0 b5 12. Nf5 Bxf5 13. exf5 Rc8 14. Ng3 Kh8 15. g5 Ne8 16. Qg4 Rg8 17. Bd5 f6 18. Bxg8 Kxg8 19. g6 h6 20. Be3 d5 21. a4 b4 22. Qh4 a5 23. Bxh6 Rc7 24. Bxg7 Nxg7 25. Qh7+ 1-0

[Event "Sachsen-ch Seniors op"]
[Site "Dresden"]
[Date "2016.11.04"]
[Round "5"]
[White "Fitzner, Hans"]
[Black "Richter, Stefan"]
[Result "0-1"]
[WhiteElo "1334"]
[BlackElo "1687"]
[PlyCount "80"]
[EventDate "2016.10.31"]
[EventType "swiss"]
[EventRounds "9"]
[EventCountry "GER"]
[SourceTitle "EXT 2019"]
[Source "ChessBase"]
[SourceDate "2018.10.10"]
[SourceVersion "1"]
[SourceVersionDate "2018.10.10"]
[SourceQuality "1"]

1. d4 e6 2. c4 c6 3. Nc3 Bd6 4. Nf3 Ne7 5. e4 Bc7 6. Bg5 f6 7. Be3 d6 8. Bd3 e5 9. dxe5 dxe5 10. Qe2 Be6 11. 0-0 0-0 12. Rfd1 Qe8 13. Nh4 Nd7 14. Bc5 Nxc5 15. b4 Nxd3 16. Qxd3 Qh5 17. Nf3 Ng6 18. Ne2 Rfd8 19. Qc2 Bg4 20. Ng3 Qh6 21. Qc3 Nf4 22. c5 Qg6 23. Qc4+ Be6 24. Qc2 h6 25. Nh4 Qe8 26. h3 g5 27. Nhf5 h5 28. Nf1 Bxf5 29. exf5 Rxd1 30. Rxd1 Rd8 31. Re1 Rd4 32. a3 Qf7 33. Ne3 Nd5 34. Ng4 Kg7 35. Qb3 Qd7 36. Qf3 Rf4 37. Qd1 Qxf5 38. f3 Rd4 39. Qb3 Qf4 40. b5 Qg3 0-1

[Event "WchT Seniors 65"]
[Site "Radebeul"]
[Date "2016.07.04"]
[Round "9.23"]
[White "Fitzner, Hans"]
[Black "Francke, Dirk"]
[Result "0-1"]
[WhiteElo "1356"]
[BlackElo "1952"]
[PlyCount "66"]
[EventDate "2016.06.26"]
[EventType "team-swiss"]
[EventRounds "9"]
[EventCountry "GER"]
[SourceTitle "CBM 173 Extra"]
[Source "ChessBase"]
[SourceDate "2016.08.29"]
[SourceVersion "1"]
[SourceVersionDate "2016.08.29"]
[SourceQuality "1"]
[WhiteTeam "Radebeul Chemie"]
[BlackTeam "Stiftung BSW/DBAG III"]
[WhiteTeamCountry "GER"]
[BlackTeamCountry "GER"]

1. d4 d5 2. c4 c6 3. a4 Nf6 4. Nc3 e6 5. Bd2 Bd6 6. Nf3 Nbd7 7. e3 Qe7 8. c5 Bc7 9. Be2 e5 10. dxe5 Nxe5 11. b4 a5 12. Qb3 axb4 13. Qxb4 Nxf3+ 14. Bxf3 Ba5 15. Qd4 0-0 16. 0-0 Bf5 17. Rac1 Rfe8 18. Ne2 Bxd2 19. Qxd2 Rxa4 20. Rfe1 Rea8 21. Nd4 Bc8 22. h3 R8a5 23. Nb3 Rb5 24. Qd1 Ra3 25. Rc3 Ne4 26. Bxe4 Qxe4 27. f3 Qb4 28. e4 Qxc3 29. exd5 g6 30. Re8+ Kg7 31. Nd4 Ra1 32. Rxc8 Rxd1+ 33. Kh2 Qxd4 0-1

[Event "WchT Seniors 65"]
[Site "Radebeul"]
[Date "2016.06.26"]
[Round "1.4"]
[White "Fitzner, Hans"]
[Black "Andersson, Finn"]
[Result "0-1"]
[WhiteElo "1356"]
[BlackElo "1816"]
[PlyCount "64"]
[EventDate "2016.06.26"]
[EventType "team-swiss"]
[EventRounds "9"]
[EventCountry "GER"]
[SourceTitle "CBM 173 Extra"]
[Source "ChessBase"]
[SourceDate "2016.08.29"]
[SourceVersion "1"]
[SourceVersionDate "2016.08.29"]
[SourceQuality "1"]
[WhiteTeam "Radebeul Chemie"]
[BlackTeam "Denmark"]
[WhiteTeamCountry "GER"]
[BlackTeamCountry "DEN"]

1. d4 e6 2. c4 Nf6 3. Nc3 c5 4. Nf3 b6 5. e4 cxd4 6. Nxd4 Bb7 7. Bd3 d6 8. Bg5 Be7 9. Qa4+ Nfd7 10. f4 Bxg5 11. fxg5 Qxg5 12. Qc2 Qe3+ 13. Nde2 Nc5 14. Rd1 Nc6 15. Qd2 Qxd2+ 16. Rxd2 Ne5 17. Nc1 Ncxd3+ 18. Nxd3 Nxc4 19. Re2 a6 20. 0-0 0-0 21. Rd1 Rfd8 22. b3 Na5 23. Nf2 Rac8 24. Re3 b5 25. e5 d5 26. Red3 Nc6 27. Ng4 h5 28. Nf2 Nxe5 29. Rd4 Rxc3 30. h3 Rdc8 31. Kh2 Rc2 32. Nd3 Nf3+ 0-1